[Event "Niedersachsen-ch op-C"]
[Site "Verden"]
[Date "2016.01.03"]
[Round "2"]
[White "Dziallas, Doreen"]
[Black "Bilek, Thomas"]
[Result "0-1"]
[WhiteElo "1231"]
[BlackElo "1175"]
[PlyCount "96"]
[EventDate "2016.01.03"]
[EventType "swiss"]
[EventRounds "7"]
[EventCountry "GER"]
[SourceTitle "EXT 2018"]
[Source "ChessBase"]
[SourceDate "2017.10.13"]
[SourceVersion "1"]
[SourceVersionDate "2017.10.13"]
[SourceQuality "1"]

1. d4 d5 2. Nf3 Nc6 3. e3 Bg4 4. h3 Bh5 5. b3 e6 6. Bb2 Nf6 7. Be2 Ne4 8. Nbd2 Bxf3 9. Bxf3 Nxd2 10. Qxd2 Bb4 11. c3 Bd6 12. 0-0 0-0 13. Qc2 e5 14. dxe5 Nxe5 15. Bxd5 Qh4 16. Bxb7 Rab8 17. Be4 f5 18. Bxf5 g6 19. Be4 Ng4 20. g3 Qxh3 21. f4 Qxg3+ 22. Qg2 Qxg2+ 23. Bxg2 Nxe3 24. Rf2 Bxf4 25. c4 Bh2+ 26. Kxh2 Rxf2 27. Bd4 Rxg2+ 28. Kh3 Nc2 29. Kxg2 Nxa1 30. Bxa1 Re8 31. Kg3 Re6 32. Kg4 h5+ 33. Kg5 Kf7 34. c5 Re1 35. Bc3 Rg1+ 36. Kf4 g5+ 37. Kf3 g4+ 38. Kf2 Rh1 39. Kg2 Rh3 40. Be5 Ke6 41. Bxc7 Kd5 42. b4 Ra3 43. Bd8 Rxa2+ 44. Kg3 Kc4 45. c6 Kxb4 46. c7 Rc2 47. Kh4 a5 48. Kxh5 g3 0-1

[Event "Niedersachsen-ch op-B"]
[Site "Verden"]
[Date "2015.01.04"]
[Round "5"]
[White "Seeber, Helmut"]
[Black "Dziallas, Doreen"]
[Result "1/2-1/2"]
[WhiteElo "1690"]
[BlackElo "1206"]
[PlyCount "73"]
[EventDate "2015.01.02"]
[EventType "swiss"]
[EventRounds "7"]
[EventCountry "GER"]
[SourceTitle "EXT 2018"]
[Source "ChessBase"]
[SourceDate "2017.10.13"]
[SourceVersion "1"]
[SourceVersionDate "2017.10.13"]
[SourceQuality "1"]

1. e4 d5 2. d4 dxe4 3. Nc3 Bf5 4. f3 Nf6 5. Bg5 Nbd7 6. Qd2 c6 7. 0-0-0 h6 8. Bf4 e6 9. a3 Be7 10. Re1 0-0 11. fxe4 Bh7 12. Bd3 Re8 13. Nf3 a5 14. h3 Nh5 15. Bh2 b5 16. g4 b4 17. axb4 axb4 18. Nb1 Ra1 19. gxh5 Qa5 20. Rhg1 Qa2 21. c3 b3 22. Kd1 Rxb1+ 23. Bxb1 Qxb1+ 24. Qc1 Qxc1+ 25. Kxc1 Ra8 26. Nd2 Bg5 27. Rxg5 hxg5 28. Nxb3 f6 29. Bd6 f5 30. Ba3 fxe4 31. Rg1 Rb8 32. Nc5 Nxc5 33. Bxc5 Ra8 34. Ba3 Ra5 35. Kd2 Rf5 36. Ke2 Kf7 37. Rf1 1/2-1/2

[Event "Niedersachsen-ch op-B"]
[Site "Verden"]
[Date "2014.01.05"]
[Round "7"]
[White "Dziallas, Doreen"]
[Black "Lai Hop, Long"]
[Result "0-1"]
[WhiteElo "1103"]
[BlackElo "1664"]
[PlyCount "94"]
[EventDate "2014.01.02"]
[EventType "swiss"]
[EventRounds "7"]
[EventCountry "GER"]
[SourceTitle "EXT 2016"]
[Source "ChessBase"]
[SourceDate "2015.10.08"]
[SourceVersion "1"]
[SourceVersionDate "2015.10.08"]
[SourceQuality "1"]

1. d4 d5 2. Nf3 Nf6 3. e3 Bf5 4. Bd3 Bg6 5. 0-0 e6 6. c3 Bd6 7. Qe2 Nbd7 8. Nbd2 0-0 9. e4 dxe4 10. Nxe4 Be7 11. Nxf6+ Bxf6 12. Bxg6 hxg6 13. h3 Re8 14. Bf4 Nb6 15. Bg3 Qe7 16. Rfe1 Rad8 17. Rad1 c5 18. a3 cxd4 19. cxd4 Rd5 20. Kh1 Red8 21. Be5 Bxe5 22. dxe5 Qd7 23. Rxd5 Qxd5 24. Rc1 Qb3 25. Kg1 Nd5 26. Qc2 Qb6 27. Kh1 Nf4 28. Rd1 Nd5 29. Kh2 a5 30. Kh1 Qa6 31. Qd2 b5 32. b4 axb4 33. axb4 Rc8 34. Rb1 Qa4 35. Rb2 Ra8 36. Kh2 Qa3 37. Ne1 Rc8 38. Rb1 Qc3 39. Qxc3 Rxc3 40. Nf3 Rc4 41. Ng5 Rxb4 42. Ra1 Ra4 43. Rc1 Ra8 44. Rc5 Rb8 45. Kg3 b4 46. Kf3 b3 47. Rc1 b2 0-1

[Event "Niedersachsen-ch op-B"]
[Site "Verden"]
[Date "2014.01.04"]
[Round "5"]
[White "Torkler, Wolfgang"]
[Black "Dziallas, Doreen"]
[Result "0-1"]
[WhiteElo "1420"]
[BlackElo "1103"]
[PlyCount "134"]
[EventDate "2014.01.02"]
[EventType "swiss"]
[EventRounds "7"]
[EventCountry "GER"]
[SourceTitle "EXT 2016"]
[Source "ChessBase"]
[SourceDate "2015.10.08"]
[SourceVersion "1"]
[SourceVersionDate "2015.10.08"]
[SourceQuality "1"]

1. Nf3 Nf6 2. b3 d5 3. Bb2 e6 4. d3 Bd6 5. Nbd2 Nbd7 6. g3 0-0 7. Bg2 e5 8. e4 c6 9. Qe2 h6 10. h4 Nh7 11. 0-0-0 Qe7 12. Bh3 Ba3 13. g4 Bxb2+ 14. Kxb2 b5 15. Rdg1 a5 16. g5 h5 17. g6 fxg6 18. Rxg6 Rf6 19. Rhg1 Rxg6 20. Rxg6 Ndf8 21. Rg2 Bxh3 22. Rg3 Bc8 23. Qe3 d4 24. Qh6 a4 25. Qxc6 Bb7 26. Qxb5 axb3 27. Qxb3+ Kh8 28. Nc4 Qc7 29. Kc1 Nd7 30. a3 Rb8 31. Qa2 Ba6 32. Nfd2 Bxc4 33. Nxc4 Nhf6 34. a4 Rc8 35. Rg5 Kh7 36. f3 Re8 37. a5 Nf8 38. Rg1 Ne6 39. Kd2 Nd8 40. a6 Nc6 41. Rb1 Rb8 42. Rxb8 Qxb8 43. Na5 Nxa5 44. Qxa5 Qa7 45. Qxe5 Qxa6 46. Qxd4 Qa5+ 47. c3 Qa2+ 48. Ke3 Qh2 49. e5 Ng8 50. Qe4+ g6 51. e6 Ne7 52. Qb7 Qd6 53. Qe4 Nf5+ 54. Kd2 Qh2+ 55. Kc1 Qh1+ 56. Kb2 Qh2+ 57. Kb3 Qb8+ 58. Qb4 Qe5 59. Qb7+ Kg8 60. Qc8+ Kg7 61. Qd7+ Kh8 62. d4 Qb8+ 63. Kc4 Qf4 64. Qe8+ Kh7 65. Qf7+ Kh8 66. e7 Nd6+ 67. Kb3 Qxf7+ 0-1

[Event "Niedersachsen-ch op-B"]
[Site "Verden"]
[Date "2014.01.02"]
[Round "1"]
[White "Dziallas, Doreen"]
[Black "Schiller, Jan Hendrik"]
[Result "0-1"]
[WhiteElo "1103"]
[BlackElo "1515"]
[PlyCount "96"]
[EventDate "2014.01.02"]
[EventType "swiss"]
[EventRounds "7"]
[EventCountry "GER"]
[SourceTitle "EXT 2016"]
[Source "ChessBase"]
[SourceDate "2015.10.08"]
[SourceVersion "1"]
[SourceVersionDate "2015.10.08"]
[SourceQuality "1"]

1. d4 Nf6 2. Nf3 d5 3. e3 Bg4 4. h3 Bh5 5. Nbd2 e6 6. Bd3 Nbd7 7. 0-0 Bd6 8. e4 dxe4 9. Nxe4 Bg6 10. Nxf6+ Nxf6 11. Bxg6 hxg6 12. Re1 c6 13. c4 Qc7 14. a3 0-0-0 15. b4 Rh5 16. c5 Bf4 17. Qb3 Bxc1 18. Raxc1 Nd5 19. Rb1 Rdh8 20. b5 cxb5 21. Rec1 g5 22. Kf1 Nf4 23. g3 Nd5 24. Qxb5 Rxh3 25. Nxg5 Rh1+ 26. Ke2 Rxc1 27. Rxc1 Rh2 28. c6 b6 29. Qa6+ Kd8 30. Qc4 Ke7 31. Nf3 Rh5 32. Nd2 Nf6 33. a4 Rd5 34. Qb4+ Ke8 35. Nb3 Ne4 36. a5 Rd6 37. axb6 axb6 38. Ke3 Nf6 39. Qb5 Nd5+ 40. Kd3 Ne7 41. Qh5 Rxc6 42. Qh8+ Kd7 43. Kd2 Rxc1 44. Nxc1 Nd5 45. Qxg7 Qc3+ 46. Kd1 Qf3+ 47. Ke1 Nc3 48. Qe5 Qd1# 0-1